[Event "Kecskemet Szechenyi-B"]
[Site "Kecskemet"]
[Date "1991.??.??"]
[Round "2"]
[White "Brandics, Jozsef"]
[Black "Martens, Martin"]
[Result "0-1"]
[WhiteElo "2215"]
[BlackElo "2325"]

1.d4 Nf6 2.Bg5 c5 3.d5 Qa5+ 4.Bd2 Qc7 5.Nc3 a6 6.a4 e6 7.e4 d6 8.f4 exd5
9.Nxd5 Nxd5 10.exd5 Be7 11.Bc3 O-O 12.Qf3 Nd7 13.Bc4 Rb8 14.a5 Bh4+ 15.g3 Bf6
16.Ne2 Bxc3+ 17.Nxc3 Re8+ 18.Kf2 Nf6 19.h3 Bf5 20.Bd3 Bxd3 21.Qxd3 Re7 22.Rhe1 Rxe1
23.Kxe1 Re8+ 24.Kd2 h5 25.g4 hxg4 26.hxg4 Nxg4 27.Rg1 Qe7 28.Nd1 Qh4 29.Kc1 Nf6
30.Qf5 Kf8 31.Kb1 Qh5 32.Qd3 Qxd5 33.Qh3 Qd4 34.Qg2 Ne4 35.c3 Qd3+ 36.Ka1 g6
37.Qh2 Ke7 38.Nf2 Nxf2 39.Qxf2 Kd7 40.Qg2 Re4  0-1

[Event "Kecskemet"]
[Site "Kecskemet"]
[Date "1991.??.??"]
[Round "4"]
[White "Arkhipov, Sergey"]
[Black "Siklosi, Zoltan"]
[Result "1-0"]
[WhiteElo "2500"]
[BlackElo "2365"]

1.d4 Nf6 2.Bg5 d5 3.Nd2 c5 4.dxc5 e6 5.Nb3 Nbd7 6.e3 Nxc5 7.Nxc5 Bxc5 8.Bd3 Qb6
9.Bxf6 gxf6 10.Rb1 Bd7 11.Ne2 Bb5 12.O-O Rc8 13.Nf4 Bxd3 14.cxd3 Ke7 15.Qf3 Rhg8
16.Nh5 Rg6 17.Rfc1 Rc6 18.Nf4 Rg8 19.Qh3 Rg5 20.d4 Bd6 21.Qxh7 Bxf4 22.exf4 Rg4
23.g3 Qxd4 24.Re1 Qxf4 25.Rbd1 Qg5 26.Qd3 Kd7 27.Qa3 a6 28.h3 Rgc4 29.Qf8 Qg6
30.b3 Rc8 31.Rxd5+ exd5 32.Qe7+ Kc6 33.bxc4 dxc4 34.Rd1 Kb6 35.Qe3+ Kc7  1-0

[Event "Kecskemet Szechenyi-B"]
[Site "Kecskemet"]
[Date "1991.??.??"]
[Round "6"]
[White "Brandics, Jozsef"]
[Black "Rogemont, Alain"]
[Result "1-0"]
[WhiteElo "2215"]
[BlackElo "2235"]

1.d4 d5 2.Bg5 Nf6 3.Bxf6 gxf6 4.e3 e6 5.c4 dxc4 6.Bxc4 Bb4+ 7.Nc3 Qe7 8.a3 Bxc3+
9.bxc3 Bd7 10.Qb3 Bc6 11.d5 exd5 12.Bxd5 Bxd5 13.Qxd5 Qe5 14.Qc4 Nd7 15.Nf3 Qc5
16.Qe4+ Ne5 17.O-O Qc6 18.Qxc6+ Nxc6 19.Nd4 Nxd4 20.cxd4 O-O 21.Rab1 Rab8
22.Rfc1 Rfc8 23.g4 Kf8 24.Rb5 Kg7 25.Rbc5 b5 26.Rxc7 Rxc7 27.Rxc7 a5 28.Rc3 Kf8
29.Kf1 Ke7 30.Ke2 Kd6 31.Kd3 b4 32.axb4 Rxb4 33.h4 Rb2 34.f4 Rg2 35.g5 Rg4
36.Rb3 Kc6 37.Kc4 Rxh4 38.d5+ Kc7 39.Kc5 fxg5 40.d6+ Kc8 41.Kc6 Rh6 42.fxg5 a4
43.Rb4  1-0

[Event "Kecskemet Szechenyi-B"]
[Site "Kecskemet"]
[Date "1991.??.??"]
[Round "9"]
[White "Brandics, Jozsef"]
[Black "Stoering, Volker"]
[Result "1/2-1/2"]
[WhiteElo "2215"]
[BlackElo "2220"]

1.d4 Nf6 2.Bg5 c5 3.dxc5 Na6 4.Nd2 Nxc5 5.c3 b6 6.Qc2 Bb7 7.f3 Ne6 8.Bh4 Nd5
9.Bf2 g6 10.e4 Ndf4 11.g3 Nh5 12.Ne2 Bg7 13.Nd4 O-O 14.Nxe6 fxe6 15.a4 d5
16.Be2 Qc7 17.O-O-O Nf6 18.Be3 Nd7 19.h4 Rac8 20.Nb1 Nc5 21.h5 dxe4 22.hxg6 hxg6
23.Nd2 Qe5 24.Bxc5 Rxc5 25.Nxe4 Bxe4 26.Qxe4 Qxe4 27.fxe4 Be5 28.Kc2 Kg7
29.Rd7 Rc7 30.Rxc7 Bxc7 31.g4 Rf2 32.Kd3 Bd6 33.b4 Be5 34.a5 bxa5 35.bxa5 Bxc3
36.a6 e5 37.Rf1 Rxf1  1/2-1/2

[Event "Krumbach op"]
[Site "Krumbach"]
[Date "1991.??.??"]
[Round "1"]
[White "Tseitlin, Mikhail S"]
[Black "Naumann, Frank"]
[Result "1-0"]
[WhiteElo "2490"]
[BlackElo "2280"]

1.d4 Nf6 2.Bg5 c5 3.Bxf6 gxf6 4.c3 Qb6 5.Qc2 cxd4 6.cxd4 Nc6 7.e3 d5 8.Nc3 Bf5
9.Qd2 O-O-O 10.Nf3 e5 11.Rc1 e4 12.Nh4 Be6 13.Be2 Rg8 14.O-O Be7 15.g3 Bh3
16.Ng2 Bxg2 17.Kxg2 Kb8 18.f3 f5 19.fxe4 fxe4 20.Rxf7 h5 21.Rf5 h4 22.Nxd5 Rxd5
23.Rxd5 Qc7 24.Re5 Bd6 25.Rxe4 Bxg3 26.Rg4 Rxg4 27.Bxg4  1-0

[Event "Krumbach op"]
[Site "Krumbach"]
[Date "1991.??.??"]
[Round "3"]
[White "Bode, Wilfried"]
[Black "Maiwald, Jens Uwe"]
[Result "1-0"]
[WhiteElo "2280"]
[BlackElo "2210"]

1.d4 Nf6 2.Bg5 c5 3.d5 d6 4.Nc3 g6 5.Bxf6 exf6 6.e4 Bg7 7.Bd3 O-O 8.Nge2 Nd7
9.Ng3 Qb6 10.Qc1 h5 11.h4 a6 12.a4 Qb4 13.O-O Ne5 14.Be2 Ng4 15.Bxg4 Bxg4
16.a5 b5 17.axb6 Qxb6 18.Ra2 Rfe8 19.Qd2 Ra7 20.Rfa1 Bc8 21.Qd3 Rae7 22.Rf1 Re5
23.Qc4 R5e7 24.Qa4 Bb7 25.Ra3 Bh6 26.Rb3 Qc7 27.Qc4 Qd7 28.Rb6 Rd8 29.f3 Qc7
30.Rb3 Rde8 31.f4 f5 32.exf5 Bg7 33.Nce4 Bd4+ 34.Kh1 Bc8 35.Ng5 Re3 36.fxg6 fxg6
37.Rd3 Qg7 38.Rxe3 Rxe3 39.N3e4 Qd7 40.c3 Bh8 41.Ne6 Qe7 42.N4g5 Bf6 43.Kh2 Bxe6
44.dxe6 Bxg5 45.hxg5 Qxe6 46.Qxa6 Re1 47.Qa8+ Kg7 48.Qa7+ Qe7 49.Qxe7+ Rxe7
50.Rd1 Rd7 51.g4 hxg4 52.Kg3 Kf7 53.Kxg4 d5 54.f5 gxf5+ 55.Kxf5 d4 56.cxd4 cxd4
57.Rd3 Rd5+ 58.Ke4 Rxg5 59.Kxd4 Ke7 60.Kc4 Rg1 61.Kc5 Rc1+ 62.Rc3 Rb1 63.b4 Kd7
64.Kb5 Rh1 65.Kb6 Rh8 66.Kb7 Rh5 67.Rd3+ Ke6 68.Kc6 Ke7 69.b5 Rh2 70.b6 Rc2+
71.Kb7 Rb2 72.Kc7 Rc2+ 73.Kb8 Rb2 74.b7 Ra2 75.Rd4  1-0

[Event "Leningrad op"]
[Site "Leningrad"]
[Date "1991.??.??"]
[Round "?"]
[White "Jung, Karl Otto"]
[Black "Belov, Igor"]
[Result "0-1"]
[WhiteElo "2210"]
[BlackElo "2440"]

1.d4 Nf6 2.Bg5 d5 3.Nd2 Nbd7 4.Ngf3 g6 5.e3 Bg7 6.Bd3 O-O 7.c3 h6 8.Bh4 Re8
9.O-O e5 10.dxe5 Nxe5 11.Nxe5 Rxe5 12.Bg3 Re8 13.Qc2 Nh5 14.Nb3 Nxg3 15.hxg3 h5
16.e4 dxe4 17.Bxe4 c6 18.Rad1 Qe7 19.Rfe1 Bg4 20.f3 Be6 21.Nd4 Qc5 22.Kh2 Bc4
23.Nb3 Qb6 24.Nd2 Be6 25.Bd3 Qc7 26.Bc4 Bf5 27.Bd3 h4 28.Rxe8+ Rxe8 29.Nf1 hxg3+
30.Kh1 Qf4 31.Bxf5 gxf5 32.Qd2 Qxd2 33.Rxd2 Re1 34.Kg1 Bh6 35.f4 Bxf4 36.Rd3 Bc7
37.Rf3 Bb6+  0-1

[Event "Lenk"]
[Site "Lenk"]
[Date "1991.??.??"]
[Round "6"]
[White "Ballmann, Martin"]
[Black "Ilic, Zoran"]
[Result "0-1"]
[WhiteElo "2305"]
[BlackElo "2395"]

1.d4 Nf6 2.Bg5 c5 3.dxc5 Qa5+ 4.c3 Qxc5 5.Bxf6 gxf6 6.g3 Nc6 7.Bg2 f5 8.Nd2 Bg7
9.Ngf3 d5 10.O-O e6 11.Rc1 O-O 12.e3 Qb6 13.c4 d4 14.c5 Qd8 15.exd4 Nxd4
16.Nxd4 Qxd4 17.Qc2 Qxb2 18.Qxb2 Bxb2 19.Rb1 Ba3 20.c6 bxc6 21.Nc4 Ba6 22.Nxa3 Bxf1
23.Rxf1 Rab8 24.Bxc6 Rb2 25.Ra1 Rd8 26.Ba4 Rdd2 27.Nc2 Rdxc2 28.Bxc2 Rxc2
29.a4 a5 30.Ra3 Rc4 31.Kg2 Kf8 32.Kf3 Ke7 33.Ke3 e5 34.f4 e4 35.Ra2 Ke6 36.Rb2 Rxa4
37.Rb6+ Ke7 38.Rh6 Ra3+ 39.Ke2 a4 40.Rxh7 Ra2+ 41.Ke3 a3 42.Rh8 Ra1 43.Ra8 a2
44.Kf2 Rh1  0-1

[Event "Lenk"]
[Site "Lenk"]
[Date "1991.??.??"]
[Round "9"]
[White "Maeser, Fabian"]
[Black "Hug, Marcel"]
[Result "1-0"]
[WhiteElo "2340"]
[BlackElo "2250"]

1.d4 Nf6 2.Bg5 d5 3.Bxf6 exf6 4.e3 Bd6 5.Bd3 Nc6 6.c3 Ne7 7.Qf3 Be6 8.Nd2 Qd7
9.h3 O-O-O 10.O-O-O f5 11.Ne2 f6 12.Kb1 Kb8 13.Rc1 c6 14.Nf4 g6 15.Nxe6 Qxe6
16.Bc2 h5 17.h4 Bc7 18.Bb3 Rhe8 19.g3 Ba5 20.Rhd1 Bc7 21.Ka1 Rd7 22.Re1 Rdd8
23.Qe2 Qd7 24.Qf3 Rf8 25.Red1 Rfe8 26.c4 dxc4 27.Bxc4 Nd5 28.e4 fxe4 29.Nxe4 f5
30.Nc5 Qc8 31.Re1 Rxe1 32.Rxe1 Re8 33.Rxe8 Qxe8 34.a3 Qf7 35.Qe2 Bb6 36.Qe5+ Kc8
37.Ne6 Qd7 38.Qh8+ Bd8 39.Bxd5 Qxd5 40.Qe8 Qh1+ 41.Ka2 Qd5+ 42.b3 Qa5 43.b4 Qd5+
44.Kb2 a6 45.Qg8 b6 46.Qe8 a5 47.Qxd8+ Qxd8 48.Nxd8 Kxd8 49.bxa5 bxa5 50.Kc3 Kd7
51.Kc4 Kd6 52.a4  1-0

[Event "ESP-ch"]
[Site "Lleida"]
[Date "1991.??.??"]
[Round "5"]
[White "Diaz, A."]
[Black "Garcia, Jo"]
[Result "0-1"]
[WhiteElo "2200"]
[BlackElo "2255"]

1.d4 Nf6 2.Bg5 c5 3.Bxf6 gxf6 4.c3 e6 5.e3 d5 6.Nd2 Qb6 7.Rb1 Nc6 8.Qh5 cxd4
9.exd4 Bd7 10.Ngf3 Be7 11.Be2 O-O-O 12.b4 Rdg8 13.g3 Qd8 14.b5 Na5 15.O-O Qf8
16.c4 e5 17.Nxe5 fxe5 18.cxd5 exd4 19.Rfc1+ Kb8 20.Qe5+ Bd6 21.Qxd4 h5 22.b6 Qd8
23.bxa7+ Ka8 24.Rb6 Qe7 25.Ne4 Be5 26.Qd2 Rc8 27.Rcb1 Qa3 28.Ng5 Qc3 29.Qxc3 Bxc3
30.Nxf7 Rhf8 31.Nd6 Rc7 32.Bxh5 Bd4 33.R6b4 Bxf2+ 34.Kg2  0-1

[Event "London WFW"]
[Site "London"]
[Date "1991.??.??"]
[Round "?"]
[White "Hodgson, Julian M"]
[Black "Davies, Nigel R"]
[Result "1-0"]
[WhiteElo "2545"]
[BlackElo "2500"]

1.d4 Nf6 2.Bg5 g6 3.Bxf6 exf6 4.c4 f5 5.Nc3 Bg7 6.g3 d6 7.Bg2 Nd7 8.e3 Nf6
9.Nge2 O-O 10.b4 Re8 11.b5 h5 12.a4 Rb8 13.a5 Bh6 14.Nd5 Nxd5 15.cxd5 Bd7
16.Qb3 h4 17.O-O g5 18.Qd3 Kh8 19.f4 Qe7 20.Ra3 a6 21.bxa6 bxa6 22.Qc2 Rg8
23.Kh1 Rg7 24.Rf2 Rbg8 25.Rc3 Rh7 26.Kg1 Bg7 27.Rxc7 hxg3 28.hxg3 gxf4 29.exf4 Qe8
30.Rc6 Qe7 31.Qd3 Rb8 32.Rb6 Rxb6 33.axb6 Bb5 34.Qc3 Bxe2 35.Qc8+ Bf8 36.Rxe2  1-0

[Event "London WFW"]
[Site "London"]
[Date "1991.??.??"]
[Round "?"]
[White "Hodgson, Julian M"]
[Black "Arkell, Keith C"]
[Result "1-0"]
[WhiteElo "2545"]
[BlackElo "2450"]

1.d4 Nf6 2.Bg5 d5 3.Bxf6 exf6 4.e3 Bd6 5.c4 dxc4 6.Bxc4 O-O 7.Nc3 a6 8.Rc1 c5
9.dxc5 Bxc5 10.Bxf7+ Kxf7 11.Qh5+ Kg8 12.Qxc5 Nc6 13.Nge2 Be6 14.O-O Ne5
15.Nf4 Bf7 16.Ncd5 b6 17.Qd4 g5 18.Nxb6 gxf4 19.Nxa8 Qxa8 20.exf4 Rd8 21.Qe3 Nc4
22.Qe7 Re8 23.Qxf6 Re6 24.Qd4 Rd6 25.Qc5 Rc6 26.Qe7 Rg6 27.f3 Nd2 28.f5 Rg7
29.Qd7 Nc4 30.Qd4 Qd5 31.Rxc4  1-0

[Event "Lloyds Bank op"]
[Site "London"]
[Date "1991.??.??"]
[Round "1"]
[White "Hodgson, Julian M"]
[Black "Baginskaite, Kamile"]
[Result "1-0"]
[WhiteElo "2570"]
[BlackElo "2275"]

1.d4 Nf6 2.Bg5 d5 3.Bxf6 exf6 4.e3 c6 5.Bd3 Bd6 6.Ne2 f5 7.c3 Be6 8.Qc2 g6
9.h4 h5 10.Nd2 Nd7 11.Nf3 Qc7 12.Ng5 Nf6 13.Nxe6 fxe6 14.c4 Bb4+ 15.Kf1 e5
16.dxe5 Qxe5 17.Nf4 Kf7 18.Qb3 a5 19.Rh3 Rhd8 20.Kg1 Rab8 21.Rd1 Kg7 22.Rg3 Ng4
23.cxd5 cxd5 24.Rf3 Rd6 25.g3 Kh8 26.Bc2 Rbd8 27.a3 Bc5 28.Nd3 Rb6  1-0

[Event "Lloyds Bank op"]
[Site "London"]
[Date "1991.??.??"]
[Round "2"]
[White "Rahman, T."]
[Black "Thipsay, Praveen Mahadeo"]
[Result "1/2-1/2"]
[WhiteElo "2305"]
[BlackElo "2490"]

1.d4 Nf6 2.Bg5 c5 3.Bxf6 gxf6 4.d5 Qb6 5.Qc1 f5 6.Nh3 Bg7 7.c3 d6 8.e3 Nd7
9.Nf4 Nf6 10.Bc4 Bd7 11.a4 O-O 12.O-O Rae8 13.a5 Qc7 14.Qd1 Kh8 15.Nd2 e5
16.Nh5 Nxh5 17.Qxh5 Qd8 18.f4 Qf6 19.Rae1 Qg6 20.Qf3 b5 21.axb6 axb6 22.Ra1 b5
23.Ra7 Rd8 24.Bb3 e4 25.Qh3 Bc8 26.Rc1 Rfe8 27.Bd1 Rd7 28.Rxd7 Bxd7 29.Ra1 Qf6
30.Ra7 Qd8 31.Nxe4 Rxe4 32.Bc2 Re7 33.Rxd7 Rxd7 34.Bxf5 h6 35.Bxd7 Qa5 36.Be8 Qa1+
37.Kf2 Qxb2+ 38.Kf3 Qb1 39.Bxf7 Qd1+ 40.Ke4 Qc2+ 41.Kf3 Qd1+ 42.Kg3 Qe1+
43.Kf3 Qd1+  1/2-1/2

[Event "Lloyds Bank op"]
[Site "London"]
[Date "1991.??.??"]
[Round "3"]
[White "Hodgson, Julian M"]
[Black "Arkell, Keith C"]
[Result "1-0"]
[WhiteElo "2570"]
[BlackElo "2455"]

1.d4 Nf6 2.Bg5 d5 3.Bxf6 exf6 4.e3 Bd6 5.c4 dxc4 6.Bxc4 O-O 7.Nc3 a6 8.a4 Nd7
9.Nge2 c5 10.dxc5 Bxc5 11.O-O Ne5 12.Bd5 Qb6 13.a5 Qc7 14.Nf4 Bd7 15.Qb3 Nc6
16.Ne4 Nxa5 17.Qc3 Bb6 18.Nxf6+ Kh8 19.Qxc7 Bxc7 20.Nxd7 Rfd8 21.Nc5  1-0

[Event "USA-op Los Angeles"]
[Site "Los Angeles"]
[Date "1991.??.??"]
[Round "?"]
[White "Ramirez, Juan Manuel"]
[Black "Root, Douglas"]
[Result "0-1"]
[WhiteElo "2225"]
[BlackElo "2460"]

1.d4 Nf6 2.Bg5 d5 3.Bxf6 exf6 4.e3 Bd6 5.c4 dxc4 6.Nc3 Nd7 7.Bxc4 f5 8.Nf3 O-O
9.Qc2 a6 10.O-O-O Nf6 11.h3 b5 12.Bb3 Qe8 13.g4 Bb7 14.Qxf5 b4 15.g5 Ne4
16.Nd5 Bc8 17.Nf6+ Nxf6 18.Qd3 Nh5 19.Nh4 Be6 20.d5 Bd7 21.Bc2 g6 22.f4 Ng3
23.Rhg1 Bb5 24.Qd2 Ne2+ 25.Kb1 Nxg1 26.Rxg1 Bc5 27.Rg3 Rd8 28.Qd1 c6 29.Nf5 gxf5
30.Bxf5 Rxd5 31.Bxh7+ Kxh7  0-1

[Event "Lyngby op"]
[Site "Lyngby"]
[Date "1991.??.??"]
[Round "?"]
[White "Nielsen, Peter Heine"]
[Black "Hansen, Carsten"]
[Result "1-0"]
[WhiteElo "2365"]
[BlackElo "2300"]

1.d4 Nf6 2.Bg5 c5 3.d5 d6 4.Nc3 e5 5.dxe6 fxe6 6.e4 Be7 7.Bb5+ Nc6 8.e5 dxe5
9.Qxd8+ Bxd8 10.Bxc6+ bxc6 11.Nf3 Bc7 12.O-O-O Nd5 13.Ne4 O-O 14.Rhe1 h6
15.Be3 Nf4 16.Bxf4 exf4 17.Nxc5 Bb6 18.Nxe6 Rf6 19.Ned4 Bg4 20.Rd2 c5 21.Nb5 Bxf3
22.gxf3 Rg6 23.Nd6 Rg2 24.Rh1 Rf8 25.h4 Rf6 26.Ne4 Rfg6 27.Rdd1 c4 28.Rdf1 Bd4
29.c3 Bb6 30.Kd2 Kf7 31.Ke2 Re6 32.b3 cxb3 33.axb3 Re5 34.c4 a5 35.Rhg1 Rxg1
36.Rxg1 Bd8 37.Rg4 g5 38.hxg5 hxg5 39.Rg1 Be7 40.Kd3 Bf6 41.Rc1 Re7 42.c5 Rd7+
43.Kc4 Rd4+ 44.Kb5 Rb4+ 45.Kxa5 Rxb3 46.c6 Bd8+ 47.c7 Bxc7+ 48.Rxc7+ Kg6
49.Rc5 Rxf3 50.Rxg5+ Kh6 51.Re5 Ra3+ 52.Kb4  1-0

[Event "Mar del Plata op"]
[Site "Mar del Plata"]
[Date "1991.??.??"]
[Round "?"]
[White "Tempone, Marcelo"]
[Black "Paz, Victor Jorge"]
[Result "1/2-1/2"]
[WhiteElo "2460"]
[BlackElo "2295"]

1.d4 Nf6 2.Bg5 g6 3.c4 Bg7 4.Nc3 c5 5.d5 d6 6.e4 O-O 7.Bd3 e6 8.Nge2 h6 9.Bf4 e5
10.Bd2 Nh5 11.Qc1 Kh7 12.Ng3 Nf6 13.h4 h5 14.Bg5 Qd7 15.f3 Ng8 16.Qd2 f6
17.Be3 a6 18.a3 Qe8 19.b4 b6 20.O-O Nh6 21.Rab1 f5 22.exf5 Nxf5 23.Nce4 Qe7
24.Bg5 Qc7 25.Ne2 Nh6 26.bxc5 bxc5 27.Rb3 Rf7 28.Rfb1 Nd7 29.Bxh6 Bxh6 30.Ng5+ Bxg5
31.Qxg5 Nf8 32.Ng3 Qe7 33.Qxe7 Rxe7 34.Rb6 Kg7 35.Rxd6 Raa7 36.Rbb6 Rab7
37.Ne4 Rec7 38.Rxb7 Bxb7 39.Ng5 Bc8 40.Rd8 Bd7 41.Rb8 Bc8 42.d6 Rc6 43.Be4 Nd7
44.Ra8 Rxd6 45.Rxc8 Rd1+ 46.Kf2 Ra1 47.Rc7  1/2-1/2

[Event "Melbourne Masters"]
[Site "Melbourne"]
[Date "1991.??.??"]
[Round "5"]
[White "Sandler, Leonid"]
[Black "Solomon, Stephen J"]
[Result "0-1"]
[WhiteElo "2320"]
[BlackElo "2420"]

1.d4 Nf6 2.Bg5 c5 3.d5 e5 4.Nc3 d6 5.e4 Be7 6.Nf3 O-O 7.Be2 Na6 8.O-O Nc7
9.a4 Nfxd5 10.Nxd5 Nxd5 11.Qxd5 Bxg5 12.Nxg5 Qxg5 13.Qxd6 Bh3 14.Bf3 Rac8
15.Qd3 Rfd8 16.Qb5 Rd6 17.Rfb1 Rcd8 18.g3 b6 19.Rd1 g6 20.Rxd6 Rxd6 21.a5 Qf6
22.Qb3 Rd2 23.axb6 axb6 24.Qe3 Rxc2 25.b3 Kg7 26.Be2 Rb2 27.Bc4 h5 28.Re1 h4
29.Ra1 Bg4 30.Rf1 h3 31.f4 exf4 32.Rxf4 Rb1+ 33.Rf1 Qb2 34.Qf2 Rxf1+ 35.Kxf1 Qc1+
36.Qe1 Qxe1+ 37.Kxe1 Be6 38.Bf1 Kf6 39.Kd2 Ke5 40.Ke3 Bxb3 41.Bxh3 Bc2 42.Bg2 b5
43.h4 b4  0-1

[Event "Mondorf op"]
[Site "Mondorf"]
[Date "1991.??.??"]
[Round "2"]
[White "Frank, Bjoern"]
[Black "Stull, Norbert"]
[Result "1/2-1/2"]
[WhiteElo "2270"]
[BlackElo "2210"]

1.d4 Nf6 2.Bg5 d5 3.Bxf6 exf6 4.e3 c6 5.c4 Qb6 6.Qb3 Qxb3 7.axb3 Bf5 8.Nc3 Bb4
9.Kd2 O-O 10.Bd3 Bxd3 11.Kxd3 dxc4+ 12.bxc4 Nd7 13.Nge2 Rfd8 14.Kc2 f5 15.Nf4 Nf6
16.Nd3 Bd6  1/2-1/2

[Event "Mondorf op"]
[Site "Mondorf"]
[Date "1991.??.??"]
[Round "8"]
[White "Agababian, Naira"]
[Black "Adrian, Claude"]
[Result "1-0"]
[WhiteElo "2080"]
[BlackElo "2275"]

1.d4 Nf6 2.Bg5 c5 3.Bxf6 exf6 4.d5 g6 5.Nc3 Bg7 6.e3 d6 7.Nf3 Bg4 8.Be2 O-O
9.h3 Bxf3 10.Bxf3 f5 11.Qd2 Nd7 12.O-O Qh4 13.Kh2 h5 14.g3 Qb4 15.Rab1 h4
16.a3 Qa5 17.e4 Ne5 18.Be2 fxe4 19.Nxe4 Qxd2 20.Nxd2 f5 21.f4 hxg3+ 22.Kxg3 Nd7
23.Nc4 Rfe8 24.Bf3 Bf8 25.Rfe1 b5 26.Na5 Nf6 27.Nc6 a6 28.b3 Bg7 29.c4 Kf7
30.Re6 Ne4+ 31.Bxe4 fxe4 32.Rxd6 e3 33.Kf3 Bd4 34.Ke2 Rh8 35.Ne5+ Bxe5 36.fxe5 Rxh3
37.Rf1+ Kg7 38.Rd7+ Kh6 39.e6 bxc4 40.e7 Rb8 41.Rd8 Rxb3 42.Rh8+  1-0

[Event "Manhattan op"]
[Site "New York"]
[Date "1991.??.??"]
[Round "?"]
[White "Hoffmann, Asa"]
[Black "Agrest, Evgenij"]
[Result "1-0"]
[WhiteElo "2330"]
[BlackElo "2475"]

1.d4 d5 2.Bg5 Nf6 3.Nd2 Nbd7 4.e3 g6 5.Bd3 Bg7 6.Ngf3 c5 7.c3 O-O 8.h3 b6
9.O-O Bb7 10.a4 Ne4 11.Bf4 e6 12.a5 bxa5 13.Qa4 Nxd2 14.Nxd2 e5 15.Bg5 f6
16.Bh4 cxd4 17.cxd4 exd4 18.exd4 Nb6 19.Qxa5 Qd7 20.Nb3 Nc4 21.Nc5 Qc6 22.Qb4 Nb6
23.Bg3 Rf7 24.Rfe1 Bf8 25.Bb5 Qc8 26.Rac1 Qf5 27.Qa5 Nc4 28.Rxc4 dxc4 29.Nxb7 Qd5
30.Nc5 Qxd4 31.Na4 Kg7 32.Nc3 Rc8 33.Rd1 Qb6 34.Qxb6 axb6 35.Rd4 Rc5 36.Rxc4 Ra7
37.b4  1-0

[Event "Oberwart op"]
[Site "Oberwart"]
[Date "1991.??.??"]
[Round "?"]
[White "Ciganovic, Dusan"]
[Black "Rosandic, Denis"]
[Result "0-1"]
[WhiteElo "2370"]
[BlackElo "2360"]

1.d4 Nf6 2.Bg5 c5 3.Bxf6 gxf6 4.d5 Qb6 5.Qc1 f5 6.g3 Bg7 7.c3 Qd6 8.Bg2 b5
9.a4 Bb7 10.Na3 a6 11.axb5 Bxd5 12.Nc4 Qe6 13.Ne3 Bxg2 14.Nxg2 Qd5 15.Nf3 axb5
16.Rxa8 Qxa8 17.O-O O-O 18.Nf4 d6 19.Nh5 h6 20.Qa1 Nd7 21.Qxa8 Rxa8 22.Nxg7 Kxg7
23.Nh4 e6 24.Rd1 d5 25.Kg2 Ra2 26.Rd2 Nb6 27.Nf3 Nc4  0-1

[Event "Oostende op"]
[Site "Oostende"]
[Date "1991.??.??"]
[Round "2"]
[White "Holst, Allan"]
[Black "Schmittdiel, Eckhard"]
[Result "0-1"]
[WhiteElo "2275"]
[BlackElo "2490"]

1.d4 Nf6 2.Bg5 c5 3.d5 Qb6 4.Nc3 Qxb2 5.Bd2 Qb6 6.e4 d6 7.f4 e6 8.dxe6 Bxe6
9.Rb1 Qc7 10.f5 Bd7 11.g4 h6 12.Nh3 Be7 13.Nf4 Bc6 14.Bg2 Nbd7 15.h4 O-O-O
16.O-O Rde8 17.g5 hxg5 18.hxg5 Nh7 19.g6 fxg6 20.Ne6 Qb8 21.fxg6 Bf6 22.gxh7 Rxe6
23.Bh3 Bd4+ 24.Kh2 Rxh7 25.Nd5 Rxh3+ 26.Kxh3 Rxe4 27.c4 Nf6 28.Rf4 Rxf4 29.Bxf4 Nxd5
30.cxd5 Bxd5 31.Rc1 Kd7 32.Kg3 Qe8 33.Qa4+ Bc6 34.Qc2 Qh5 35.Qd1 Qd5 36.Qg4+ Kc7
37.Rc2 Qh1 38.Qf5 Qe1+  0-1

[Event "Palma de Mallorca op"]
[Site "Palma de Mallorca"]
[Date "1991.??.??"]
[Round "?"]
[White "Suarez, Javier"]
[Black "Sion Castro, Marcelino"]
[Result "0-1"]
[WhiteElo "2245"]
[BlackElo "2405"]

1.d4 Nf6 2.Bg5 d5 3.Nf3 Ne4 4.Bf4 c5 5.e3 Qb6 6.Qc1 Nc6 7.c3 Bf5 8.Nbd2 Rc8
9.Be2 e6 10.O-O Be7 11.Nxe4 Bxe4 12.Qd2 f6 13.Bg3 O-O 14.Ne1 Na5 15.f3 Bg6
16.Bd3 Nc4 17.Qe2 Qxb2 18.Qxb2 Nxb2 19.Bxg6 hxg6 20.Rb1 Nc4 21.Rxb7 Rf7 22.Nd3 cxd4
23.exd4 Bd8 24.Rfb1 Bb6 25.Rxf7 Kxf7 26.Bf2 Ke7 27.Re1 g5 28.f4 Nd2 29.f5 Ne4
30.fxe6 Rxc3 31.Nb4 Kxe6 32.Rd1 Kd6 33.Nd3 Rc2 34.a4 Ra2  0-1

[Event "CSR-chJ"]
[Site "Pardubice"]
[Date "1991.??.??"]
[Round "?"]
[White "Pribyl, Martin"]
[Black "Babula, Vlastimil"]
[Result "1/2-1/2"]
[WhiteElo "2315"]
[BlackElo "2335"]

1.d4 Nf6 2.Bg5 g6 3.Bxf6 exf6 4.Nf3 Bg7 5.e3 O-O 6.Be2 d6 7.O-O f5 8.c4 b6
9.Nc3 Nd7 10.Qc2 Bb7 11.b4 c5 12.b5 cxd4 13.Nxd4 Rc8 14.Rfd1 Nc5 15.Rac1 f4
16.exf4 Bxd4 17.Rxd4 Ne6 18.Rdd1 Nxf4 19.Bf1 Qg5 20.g3 Qg4 21.Qd2 Qf3 22.Nd5 Rxc4
23.Ne7+ Kg7 24.Nc6 Rxc1 25.Rxc1 Ne6 26.Qxd6 Qf6 27.Bg2 a6 28.a4 axb5 29.axb5 Qb2
30.Qe5+ Qxe5 31.Nxe5 Bxg2 32.Kxg2 Rd8 33.Rc6 Rd5 34.Nc4 Rxb5 35.Rxb6 Rxb6  1/2-1/2

[Event "Philadelphia World op"]
[Site "Philadelphia"]
[Date "1991.??.??"]
[Round "6"]
[White "Mayer, Steven F"]
[Black "Shibut, Macon"]
[Result "1/2-1/2"]
[WhiteElo "2205"]
[BlackElo "2250"]

1.d4 Nf6 2.Bg5 c5 3.Nc3 cxd4 4.Qxd4 Nc6 5.Qh4 e6 6.e4 Be7 7.O-O-O d6 8.f4 Qc7
9.Nf3 a6 10.Qe1 O-O 11.Kb1 Rd8 12.Rg1 b5 13.Bd3 Bb7 14.g4 Nd7 15.Nd5 exd5
16.exd5 Nce5 17.Nxe5 Nxe5 18.Bxe7 Qxe7 19.fxe5 dxe5 20.Be4 Rd6 21.Rg3 Rad8
22.Rgd3 g6 23.Qe3 f6 24.a4 Qc7 25.axb5 axb5 26.Rc3 Qd7 27.Qf3 b4 28.Rb3 Qa4
29.c4 Rc8 30.Rc1 Ra6  1/2-1/2

[Event "Prague Viktoria-B"]
[Site "Prague"]
[Date "1991.??.??"]
[Round "4"]
[White "Subrt, Jaroslav"]
[Black "Freisler, Pavel"]
[Result "0-1"]
[WhiteElo "2265"]
[BlackElo "2325"]

1.d4 Nf6 2.Bg5 c5 3.Bxf6 gxf6 4.c3 Qb6 5.Qc2 cxd4 6.cxd4 Nc6 7.e3 d5 8.Nc3 Bf5
9.Qxf5 Qxb2 10.Nxd5 Qxa1+ 11.Ke2 Qxa2+ 12.Kf3 Ne5+ 13.dxe5 Qxd5+ 14.e4 Qb3+
15.Kg4 h5+ 16.Kh4 e6 17.Qf3 Qxf3 18.Bb5+ Ke7 19.Nxf3 a6 20.exf6+ Kxf6 21.e5+ Kg7
22.Bd3 Be7+ 23.Kh3 Rhd8 24.Be4 Ra7 25.g4 hxg4+ 26.Kxg4 b5 27.h4 a5 28.h5 b4
29.Ng5 Bxg5 30.Kxg5 a4 31.h6+ Kh8 32.Kf6 a3  0-1

[Event "SLO-ch"]
[Site "SLO"]
[Date "1991.??.??"]
[Round "?"]
[White "Grosar, Aljosa"]
[Black "Tratar, Marko"]
[Result "1/2-1/2"]
[WhiteElo "2470"]
[BlackElo "2340"]

1.d4 Nf6 2.Bg5 d5 3.Bxf6 exf6 4.e3 Be6 5.Nd2 Nd7 6.Bd3 f5 7.Qf3 g6 8.Ne2 Nf6
9.h4 c6 10.Nf4 Bd6 11.O-O-O Qc7 12.Kb1 O-O-O 13.g3 Kb8 14.Nb3 a5 15.Nd2 b5
16.c3 a4 17.Qe2 Ka8 18.Rc1 Ne4 19.Rhg1 Nxd2+ 20.Qxd2 Bxf4 21.exf4 h5 22.Rge1 Rb8
23.Re3 Rb7 24.Bf1 Qd6 25.a3 Re8 26.Bg2 Kb8 27.Re5 Ree7 28.Ka1 Kc8 29.Bf1 Kb8
30.Rce1 Kc8 31.Bd3 Kd8 32.Bc2 Ra7 33.f3 Kc8 34.Bd1 Rab7 35.Qg2 Kb8 36.g4 hxg4
37.fxg4 fxg4 38.Bxg4 Bxg4 39.Qxg4 Qf6 40.Qg5 Qxg5 41.fxg5 Rxe5 42.Rxe5 Rd7
43.Kb1 Kc7 44.Kc2 Kd6 45.Kd3 Re7 46.Rxe7 Kxe7 47.Ke3 f6 48.gxf6+ Kxf6 49.Kf4 Ke6  1/2-1/2

[Event "SLO-ch"]
[Site "SLO"]
[Date "1991.??.??"]
[Round "?"]
[White "Podvrsnik, Marko"]
[Black "Ivacic, Vladimir"]
[Result "0-1"]
[WhiteElo "2215"]
[BlackElo "2305"]

1.d4 Nf6 2.Bg5 d5 3.e3 g6 4.Bxf6 exf6 5.g3 c6 6.Bg2 Qb6 7.b3 Bf5 8.Ne2 a5
9.a3 a4 10.b4 h5 11.h3 Nd7 12.Nd2 Qa6 13.e4 dxe4 14.Nxe4 Be7 15.O-O O-O 16.Nf4 Bxe4
17.Bxe4 f5 18.Bd3 Qa7 19.Bc4 Kg7 20.c3 Nf6 21.Qf3 Ne4 22.Rfd1 Bf6 23.Rac1 Rad8
24.Bd3 Rfe8 25.Rc2 h4 26.g4 Ng5 27.Qg2 Qb8 28.Ne2 f4 29.Nc1 f3 30.Qh2 Qc8
31.Bf1 Be5 32.Qh1 f5 33.Nd3 Bb8 34.gxf5 Qxf5 35.Rcc1 Ne4 36.Ne5 Bxe5 37.dxe5 Qg5+
38.Kh2 Qf4+ 39.Kg1 Rxe5 40.Qh2 Rg5+ 41.Kh1 Rg2 42.Bxg2 Nxf2+ 43.Kg1 Qxh2+
44.Kxh2 Rxd1 45.Rxd1 Nxd1 46.Bxf3 Nxc3 47.Kg2 Kf6 48.Kf2 Ke5 49.Ke3 g5 50.Kd3 Nb1
51.b5 cxb5 52.Bxb7 Nxa3 53.Kc3 Nc4  0-1

[Event "SLO-ch"]
[Site "SLO"]
[Date "1991.??.??"]
[Round "?"]
[White "Podvrsnik, Marko"]
[Black "Osterman, Rudolf"]
[Result "0-1"]
[WhiteElo "2215"]
[BlackElo "2370"]

1.d4 Nf6 2.Bg5 d5 3.e3 g6 4.Bxf6 exf6 5.c4 dxc4 6.Bxc4 Bd6 7.Nc3 O-O 8.Nge2 Nd7
9.h4 Nb6 10.Bb3 h5 11.e4 c6 12.Qd2 Kg7 13.O-O-O a5 14.a4 Qe7 15.f3 Be6 16.d5 cxd5
17.exd5 Bd7 18.Rhe1 Bb4 19.d6 Qd8 20.Qd4 Rc8 21.Kb1 Re8 22.g4 Bc5 23.Qf4 Be3
24.Qg3 hxg4 25.fxg4 Nc4 26.Nc1 Bxc1 27.Rxe8 Qxe8 28.Kxc1 Qe5 29.Qxe5 Nxe5
30.g5 fxg5 31.hxg5 Nf3 32.Bd5 Nxg5 33.Bxb7 Rc5 34.Ba6 Kf8 35.Bb5 Ke8 36.Re1+ Ne6
37.Kd2 Bxb5 38.Nxb5 Kd7 39.Rf1 Ng5 40.Kd3 f5 41.Re1 Ne4 42.Kd4 Rc2 43.Ke5 Rc5+
44.Kd4 Rc8 45.Kd5 Rc2 46.Ke5 Rd2 47.Rg1 Nxd6 48.Rxg6 Re2+ 49.Kd5 Nc8 50.Rg7+ Ne7+
51.Kc5 Rxb2 52.Kb6 f4 53.Kxa5 f3 54.Rf7 f2 55.Nc3 Ke6 56.Rf3 Nc6+ 57.Ka6 Nd4
58.Rf4 Ke5  0-1